Megapolit neliöissä maailmankartalla - Äkkikuolema - Statistics

Yleistilastot
  • Tätä visaa on pelattu 2 239 kertaa
  • Keskiarvotulos 10 / 18
Answers on the Grid
Answers color-coded by a green-red scale on the quiz's grid according to % correct below.
 
Vastaustilastot
Vastaus % Oikein
New York
84%
Los Angeles
81%
Tokio, Shanghai, Peking, + muita
78%
Pariisi, Istanbul
77%
Bangkok, Mumbai, Dhaka, + muita
74%
Delhi, Lahore
66%
Kairo, Teheran, Karachi
62%
São Paulo, Rio de Janeiro
59%
Moskova
53%
Lagos
52%
Lontoo
51%
Lima
49%
Guangzhou, Manila
48%
México
46%
Bogotá
38%
Buenos Aires
31%
Kinshasa, Johannesburg
28%
Jakarta
16%
Ehtoja vastaavia visoja ei löytynyt
Tulosjakauma
Jokaisen tuloksen saaneiden osuus
Persentiili vastausten määrän mukaan
Tuloshistoriasi
Et ole pelannut tätä visaa